00451 2200181 4500001002100000008004100021035002000062245003100082100001500113260003700128300002000165020002200185084001400207082000800221650001000229990001500239990001500254INLIS000000000003226 ind  a0010-1225000047 aBerjuta RasanyacTere Liye aLiye, Tere aDepok :bPT Sabak Grip Nusantara a203c13,5x20 cm a978-623-9554-53-8 a813 LIY b a813 aFiksi a19688/B/26 a19689/B/26